000
00210 a2200097 4500
001
42962
100
_a
Gilmore
245
_a
Me & my Russian wife
260
_a
London
_b
W Faulsha & Co
_c
090
_c
26839
_d
26839
942
_a
NUST-CAE
_c
M
_c
18712
999
_c
278035
_d
278035